000 00355 a2200157 4500
001 177242
020 _a
040 _cMagnum
100 _aCarmo, Paulo Sergio do
240 1 0 _aO trabalho na economia global
_lpor
245 1 0 _aO trabalho na economia global
362 0 _a1899
440 1 _aModerna
697 _aMAGNITO: PARADIDATICO
942 _cBK
999 _c177242
_d177242